| 000 | 00845nam a22002537a 4500 | ||
|---|---|---|---|
| 005 | 20100706114028.0 | ||
| 008 | 100706t xxu||||| |||| 00| 0 eng d | ||
| 010 | _aENG-96358 | ||
| 020 |
_a9780070700871 _c375.00 |
||
| 020 |
_a0070700877 _c375.00 |
||
| 035 | _aEN-79891 | ||
| 037 | _bDBAD / PUB | ||
| 040 |
_aDPL _bEN |
||
| 082 | _a338.88 | ||
| 100 | _aAswathappa, K. | ||
| 245 |
_aInternational business / _cby K. Aswathappa |
||
| 250 | _a4th ed | ||
| 260 |
_aNew Delhi _bTata McGraw-Hill Publishing _c2010 |
||
| 270 |
_a7 West Patel Nagar _bNew Delhi _e110008 |
||
| 300 |
_axxxv, 773p. _c24cm.(pbk) |
||
| 500 | _aIncludes index | ||
| 942 |
_2ddc _cEN _h338.88 _mASW |
||
| 999 |
_c36807 _d36807 |
||